00828nam a2200229 i 4500001000300000100002200003245008700025260007500112300004800187490001700235504003100252650003700283650003500320655002600355830001700381020001500398040000800413041000700421080003100428008004100459856009800500bg1 aSZUKIEL, Eleonora10aWpływ skażeń środowiska na zwierzęta lasów i pól /cEleonora Szukiel. aWarszawa :bAgencja Reklamowo-Wydawnicza Arkadiusz Grzegorczyk,c1996. a102, [2] s. :bfot. kolor., wykr. ;c29 cm.1 aPoznajmy Las aBibliogr. s. 98, 100, 102. 9aChemikalia a zwierzętazEuropa 9aZwierzętaxhigiena i ochrona aWydawnictwa popularne aPoznajmy Las a8386902353 cBPK0 apl a504.7.05:596](4)(02.025.2) s pl f |000 0 pol  uhttp://koha.tu.koszalin.pl/cgi-bin/koha/opac-detail.pl?biblionumber=32227yKatalog online BPK